000 00491nam a2200181Ia 4500
005 20250423094632.0
008 250422s9999 xx 000 0 und d
020 _a9789785312263
050 _aJQ 3099 .B464 D46/
100 _aSuswam, Gabriel T.
245 0 _aBudgeting and budget speeches
260 _aMakurdi
260 _bOmadachi Oklobia
260 _c2015
300 _a178 p
650 _aSuswam, Gabriel Torwua. Benue State (Nigeria)--Politics and government.
942 _cBK
999 _c27836
_d27836